Catholic University of Zimbabwe Library
Online Public Access Catalogue
(OPAC)

Verdi in Victorian London (Record no. 29242)

MARC details
000 -LEADER
fixed length control field 05083nam a2200457 i 4500
001 - CONTROL NUMBER
control field xb24144058
006 - FIXED-LENGTH DATA ELEMENTS--ADDITIONAL MATERIAL CHARACTERISTICS
fixed length control field m d
007 - PHYSICAL DESCRIPTION FIXED FIELD--GENERAL INFORMATION
fixed length control field cr n
008 - FIXED-LENGTH DATA ELEMENTS--GENERAL INFORMATION
fixed length control field 160712t20162016enka sb 001 0 eng d
020 ## - INTERNATIONAL STANDARD BOOK NUMBER
International Standard Book Number 9781783742158
Qualifying information (pdf)
020 ## - INTERNATIONAL STANDARD BOOK NUMBER
International Standard Book Number 9781783742165
Qualifying information (epub)
020 ## - INTERNATIONAL STANDARD BOOK NUMBER
International Standard Book Number 9781783742172
Qualifying information (mobi)
020 ## - INTERNATIONAL STANDARD BOOK NUMBER
Canceled/invalid ISBN 9781783742134 (Paperback)
020 ## - INTERNATIONAL STANDARD BOOK NUMBER
Canceled/invalid ISBN 9781783742141 (Hardback)
035 ## - SYSTEM CONTROL NUMBER
System control number (OCoLC)953733726
040 ## - CATALOGING SOURCE
Original cataloging agency StSaUL
Language of cataloging eng
Description conventions rda
100 1# - MAIN ENTRY--PERSONAL NAME
Personal name Zicari, Massimo,
Relator term author.
245 10 - TITLE STATEMENT
Title Verdi in Victorian London
Medium [electronic resource] /
Statement of responsibility, etc. Massimo Zicari.
264 #1 - PRODUCTION, PUBLICATION, DISTRIBUTION, MANUFACTURE, AND COPYRIGHT NOTICE
Name of producer, publisher, distributor, manufacturer Open Book Publishers,
300 ## - PHYSICAL DESCRIPTION
Extent 1 online resource (360 pages) :
Other physical details illustrations.
500 ## - GENERAL NOTE
General note Available through Open Book Publishers.
504 ## - BIBLIOGRAPHY, ETC. NOTE
Bibliography, etc. note Includes bibliography (pages 329-335) and index.
505 0# - FORMATTED CONTENTS NOTE
Formatted contents note List of Illustrations -- Acknowledgments -- Introduction -- 1. Music Journalism in Early Victorian London -- 2. Ernani (1845) -- 3. Nabucco and I Lombardi (1846) -- 4. I due Foscari and I masnadieri (1847) -- 5. Attila (1848) -- 6. Uneventful Years: 1849-1852 -- 7. Rigoletto (1853) -- 8. Il trovatore (1855) -- 9. A Moral Case: The Outburst of La traviata (1856) -- 10. Luisa Miller (1858) -- 11. I vespri siciliani (1859) -- 12. The Years 1860 and 1861: Un ballo in maschera -- 13. Inno delle nazioni (1862) -- 14. Don Carlos and La forza del destino (1867) -- 15. The Late 1860s and Wagner's L'Olandese dannato (1870) -- 16. Verdi's Requiem and Wagner's Lohengrin (1875) -- 17. Aida (1876) -- 18. Music Journalism in London: The Late 1870s and 1880s -- 19. Otello at the Royal Lyceum (1889) -- 20. Falstaff at Covent Garden (1894) -- Conclusions -- Appendix I: Verdi's Premieres in London -- Appendix II: Verdi and Wagner in London -- Appendix III: The Periodicals -- Select Bibliography -- Index.
506 ## - RESTRICTIONS ON ACCESS NOTE
Terms governing access Open access resource providing free access.
520 ## - SUMMARY, ETC.
Summary, etc. "Now a byword for beauty, Verdi's operas were far from universally acclaimed when they reached London in the second half of the nineteenth century. Why did some critics react so harshly? Who were they and what biases and prejudices animated them? When did their antagonistic attitude change? And why did opera managers continue to produce Verdi's operas, in spite of their alleged worthlessness? Massimo Zicari's Verdi in Victorian London reconstructs the reception of Verdi's operas in London from 1844, when a first critical account was published in the pages of The Athenaeum, to 1901, when Verdi's death received extensive tribute in The Musical Times. In the 1840s, certain London journalists were positively hostile towards the most talked-about representative of Italian opera, only to change their tune in the years to come. The supercilious critic of The Athenaeum, Henry Fothergill Chorley, declared that Verdi's melodies were worn, hackneyed and meaningless, his harmonies and progressions crude, his orchestration noisy. The scribes of The Times, The Musical World, The Illustrated London News, and The Musical Times all contributed to the critical hubbub. Yet by the 1850s, Victorian critics, however grudging, could neither deny nor ignore the popularity of Verdi's operas. Over the final three decades of the nineteenth century, moreover, London's musical milieu underwent changes of great magnitude, shifting the manner in which Verdi was conceptualized and making room for the powerful influence of Wagner. Nostalgic commentators began to lament the sad state of the Land of Song, referring to the now departed "palmy days of Italian opera." Zicari charts this entire cultural constellation. Verdi in Victorian London is required reading for both academics and opera aficionados. Music specialists will value a historical reconstruction that stems from a large body of first-hand source material, while Verdi lovers and Italian opera addicts will enjoy vivid analysis free from technical jargon. For students, scholars and plain readers alike, this book is an illuminating addition to the study of music reception."--Publisher's website.
538 ## - SYSTEM DETAILS NOTE
System details note Mode of access: World Wide Web.
540 ## - TERMS GOVERNING USE AND REPRODUCTION NOTE
Terms governing use and reproduction This work is licensed under a Creative Commons Attribution 4.0 International license (CC BY 4.0). For more detailed information consult the publisher's website.
600 10 - SUBJECT ADDED ENTRY--PERSONAL NAME
Personal name Verdi, Giuseppe,
Dates associated with a name 1813-1901
General subdivision Appreciation
Geographic subdivision England
-- London.
600 10 - SUBJECT ADDED ENTRY--PERSONAL NAME
Personal name Verdi, Giuseppe,
Dates associated with a name 1813-1901
General subdivision Criticism and interpretation.
650 #0 - SUBJECT ADDED ENTRY--TOPICAL TERM
Topical term or geographic name entry element Music
Geographic subdivision England
-- London
Chronological subdivision 19th century.
650 #0 - SUBJECT ADDED ENTRY--TOPICAL TERM
Topical term or geographic name entry element Operas
Geographic subdivision England
Chronological subdivision 19th century
General subdivision History and criticism.
651 #0 - SUBJECT ADDED ENTRY--GEOGRAPHIC NAME
Geographic name London (England)
General subdivision Intellectual life
Chronological subdivision 19th century.
651 #0 - SUBJECT ADDED ENTRY--GEOGRAPHIC NAME
Geographic name London (England)
General subdivision Social life and customs
Chronological subdivision 19th century.
710 2# - ADDED ENTRY--CORPORATE NAME
Corporate name or jurisdiction name as entry element Open Book Publishers,
Relator term publisher.
856 40 - ELECTRONIC LOCATION AND ACCESS
Uniform Resource Identifier <a href="http://doi.org/10.11647/OBP.0090">http://doi.org/10.11647/OBP.0090</a>
Public note Connect to e-book
856 42 - ELECTRONIC LOCATION AND ACCESS
Uniform Resource Identifier <a href="http://www.openbookpublishers.com/shopimages/products/cover/437 ">http://www.openbookpublishers.com/shopimages/products/cover/437 </a>
Public note Connect to cover image
Holdings
Withdrawn status Lost status Source of classification or shelving scheme Damaged status Not for loan Home library Current library Shelving location Date acquired Total Checkouts Date last seen Uniform Resource Identifier Price effective from Koha item type
          Digital Library Digital Library Online Access 15.02.2021   15.02.2021 http://doi.org/10.11647/OBP.0090 15.02.2021 eBook

OPENING HOURS

Weekdays: 0815hrs - 1800hrs
Weekends:0900hrs - 1200hrs

Closed for Mass:

Mon, Thur: 1200hrs - 1300hrs
Sunday & Public Holiday’s

CALL SUPPORT

0242-570570, 0242-570169
09200664, +263 8644140602

LOCATION

18443, Cranborne Avenue, Hatfield, Harare

Other Links


©2021 | CUZ Library